Velázquez / (Record no. 106979)

MARC details
000 -LEADER
campo de control de longitud fija 00714nam a2200205 i 4500
001 - NÚMERO DE CONTROL
campo de control 106979
003 - IDENTIFICADOR DE NÚMERO DE CONTROL
campo de control ES-MaACL
005 - FECHA Y HORA DE LA ÚLTIMA TRANSACCIÓN
campo de control 20240611140540.0
007 - CAMPO FIJO DE DESCRIPCIÓN FÍSICA--INFORMACIÓN GENERAL
campo de control de longitud fija t|
008 - DATOS DE LONGITUD FIJA--INFORMACIÓN GENERAL
campo de control de longitud fija 061121s1961 sp r ||||1| spa d
100 1# - ENTRADA PRINCIPAL--NOMBRE DE PERSONA
Nombre de persona Moreno Villa, José,
Fechas asociadas al nombre 1887-1955
9 (RLIN) 83443
245 10 - MENCIÓN DEL TÍTULO
Título Velázquez /
Mención de responsabilidad, etc. José Moreno Villa ; edición y nota previa de Angel Caffarena Such; introducción de Alfonso Canales.
260 ## - PUBLICACIÓN, DISTRIBUCIÓN, ETC.
Lugar de publicación, distribución, etc. Málaga :
Nombre del editor, distribuidor, etc. Dardo,
Fecha de publicación, distribución, etc. 1961.
300 ## - DESCRIPCIÓN FÍSICA
Extensión 54 p. 3 hojas de lam ;
Dimensiones 17 cm.
600 14 - PUNTO DE ACCESO ADICIONAL DE MATERIA--NOMBRE DE PERSONA
Nombre de persona Velázquez, Diego,
Fechas asociadas al nombre 1599-1660
9 (RLIN) 113793
700 1# - ENTRADA AGREGADA--NOMBRE PERSONAL
Nombre de persona Caffarena, Ángel,
Fechas asociadas al nombre 1914-1998
9 (RLIN) 33414
700 0# - ENTRADA AGREGADA--NOMBRE PERSONAL
Nombre de persona Canales, Alfonso,
Fechas asociadas al nombre 1923-
9 (RLIN) 34387
852 ## - LOCALIZACIÓN
Ubicación ES-MaACL
Número de control de estantería G-13707
Sublocalización o colección R.47888
Holdings
Estatus retirado Estado de pérdida Estado de daño No para préstamo Biblioteca de origen Biblioteca actual Ubicación en estantería Fecha de adquisición Fuente de adquisición Total de préstamos Signatura topográfica completa Código de barras Visto por última vez Precio de reemplazo Tipo de ítem Koha
        Biblioteca del Ateneo de Madrid Biblioteca del Ateneo de Madrid Sala Pecera Planta 3 17/01/2008     G-13707 1111661 23/02/2023 23/02/2023 Libro impreso